| 000 | 00433nam a22001697a 4500 | ||
|---|---|---|---|
| 003 | CEME | ||
| 005 | 20210628210455.0 | ||
| 008 | 210208b xxu||||| |||| 00| 0 eng d | ||
| 040 | _c. | ||
| 082 | _a297.7 MOM | ||
| 100 |
_aNaseer Ahmed Mili _979531 |
||
| 245 | _aMoman kay eqaid | ||
| 260 |
_aLAHORE _bMAKTABA IBRAHIMI _c1998 |
||
| 300 | _a528P | ||
| 650 |
_aISLAM-BASIC PRINCIPLES ISLAM-MOMAN KAY EQAID _979532 |
||
| 942 |
_cBK _2ddc |
||
| 999 |
_c584562 _d584562 |
||